Social behavior and school performance of children in Felicisimo Aurora Bahay Kalinga, Inc. (Record no. 74498)
[ view plain ]
| 000 -LEADER | |
|---|---|
| fixed length control field | 03712nam a22002897i 4500 |
| 003 - CONTROL NUMBER IDENTIFIER | |
| control field | URS |
| 003 - CONTROL NUMBER IDENTIFIER | |
| control field | URS |
| 005 - DATE AND TIME OF LATEST TRANSACTION | |
| control field | 20240416181552.0 |
| 008 - FIXED-LENGTH DATA ELEMENTS--GENERAL INFORMATION | |
| fixed length control field | 170117b xxu||||| |||| 00| 0 eng d |
| 040 ## - CATALOGING SOURCE | |
| Original cataloging agency | URS |
| Language of cataloging | eng |
| Description conventions | rda |
| 041 ## - LANGUAGE CODE | |
| Language code of text/sound track or separate title | eng |
| 050 00 - LIBRARY OF CONGRESS CALL NUMBER | |
| Classification number | LB 1028 |
| Item number | .So 2015 |
| 245 ## - TITLE STATEMENT | |
| Title | Social behavior and school performance of children in Felicisimo Aurora Bahay Kalinga, Inc. |
| Statement of responsibility, etc. | Florie Mae H. Ragojo... [et al.]. |
| 260 ## - PUBLICATION, DISTRIBUTION, ETC. | |
| Date of publication, distribution, etc. | 2015 |
| 300 ## - PHYSICAL DESCRIPTION | |
| Extent | 56 leaves : |
| Other physical details | illustrations ; |
| Dimensions | 28 cm. |
| 336 ## - CONTENT TYPE | |
| Content type term | text |
| Content type code | txt |
| Source | rdacontent |
| 337 ## - MEDIA TYPE | |
| Media type term | unmediated |
| Media type code | n |
| Source | rdamedia |
| 338 ## - CARRIER TYPE | |
| Carrier type term | volume |
| Carrier type code | nc |
| Source | rdacarrier |
| 502 ## - DISSERTATION NOTE | |
| Degree type | Thesis (Bachelor of Science in Guidance and Counseling) -- University of Rizal System-Morong. |
| 520 ## - SUMMARY, ETC. | |
| Summary, etc. | EXECUTIVE SUMMARY: This study aimed to analyze the Social Behavior of Children in FABKI. In Baras, Rizal during this year 2014-2015, a total of forty children were used as respondents, who were described in terms of age, parental status, religion, and number of siblings in the family. The descriptive method of research was sued to determine the social behavior of the children among the respondents. The information was gathered using questionnaire checklist, which was made by the researchers to know the profile of the respondents and their social behavior and school performance. To determine the profile of the respondents in terms of age, parental status, religion and number of siblings in the family, frequency and percentage distribution were used, to find out the extent of the social behavior and school performance of the respondents, computed mean was used, to determine the significant difference on the social behavior and school performance of the selected children two way analysis of variance (ANOVA) was used. Based on the gathered data, the study revealed the majority of the respondents were 5-20 years of age, most of them were Roman Catholic and parents that were not living together. On the extent of social behavior and school performance of the respondents. Family relationship obtained an average weighted mean of 3.9 and verbally interpreted as often. Peer relationship got an average weighted mean of 4.32 and verbally interpreted as always. Community relationship obtained an average of 3.80 and verbally interpreted as often. On the significant difference of the extent of social behavior and school performance of the children in FABKI in Baras, Rizal and the profile of the respondents, age of the respondents on the social behavior as 0.57 which is not exceed the tabular F-value of 2.35 with 6/45 degrees of freedom at 5% level of significance. Hence, the null hypothesis, that there is no significant difference of the social behavior and school performance of the children in terms of religion is accepted, in terms of number of siblings in the family, the computed F-value 1.08 which did not exceed the tabular F-value of 2.10 with 8/60 degrees of freedom at 5% level of significance. Hence, the null hypothesis that there is no significant difference of the social behavior of children in terms of number of siblings in this accepted. For the findings and conclusion drawn, the following were hereby recommended in the extension activity of the college must be sustained and be continued to determine the development of the children for the activities related to counseling may be conducted to the children in the parallel study using other variables may be conducted. |
| 650 ## - SUBJECT ADDED ENTRY--TOPICAL TERM | |
| Topical term or geographic name entry element | Academic performance. |
| 700 1# - ADDED ENTRY--PERSONAL NAME | |
| Personal name | Aniano, Lorna G. |
| Relator term | author |
| 700 1# - ADDED ENTRY--PERSONAL NAME | |
| Personal name | Siasico, Dailyn L. |
| Relator term | author |
| 700 1# - ADDED ENTRY--PERSONAL NAME | |
| Personal name | Dagos, Sharmaine P. |
| Relator term | author |
| 856 ## - ELECTRONIC LOCATION AND ACCESS | |
| Materials specified | Online Request for Student Unpublished Works |
| Uniform Resource Identifier | <a href="https://forms.gle/7LqvGGkaDrUQqz429">https://forms.gle/7LqvGGkaDrUQqz429</a> |
| 942 ## - ADDED ENTRY ELEMENTS (KOHA) | |
| Source of classification or shelving scheme | Library of Congress Classification |
| Koha item type | Theses and dissertations |
No items available.